000 01768nam a2200397 c 4500
003 BLK
005 20180420230546.0
008 180409b bul|||||r ||||||| ||bul||
010 _aKNG00113818000
020 _a954-9502-41-4
_bиздат.: Бълг. сбирка
040 _aBLK
041 _aBUL
_cBUL
080 _aИстория на Австрия и Австро-Унгария
_b943.6
_x(093)
_z943.6(093)
080 _aИстория на Унгария. Вж и 943.6
_b943.9
_x(093)
_z943.9(093)
100 1 _aКошут, Лайош
_eпърви автор
_983708
700 1 _aТевели, Жигмонд
_eсъстав.
_9128136
700 1 _aАрато, Дьордь
_eпредг. от
_933295
700 1 _aКръстева, Татяна
_eпрев.
_9307289
139 _aКошут, Лайош
_bК 87
245 1 0 _aСвободата - тази земна благодат
_bИзбрано
_cЛайош Кошут; състав. Жигмонд Тевели; предг. от Дьордь Арато; прев. Татяна Кръстева.
257 _aHUN
260 София
_bБълг. сбирка
_c2004
_fСофия : Емпаст
300 _a191 с.
_c20 см
380 _a9
500 _aБез сведение за ориг. загл. - Съдържа и Изявление (Отговор на откритото писмо на Лайош Кошут) / Ференц Деак
650 4 _aУнгария - история
_9275670
650 4 _aАвстро-Унгария - история
_9243128
653 _aУнгария
653 _aАвстро-Унгария
653 _aистория
852 _aЦб 220126
856 4 _qpdf
_u
856 4 _qpdf
_u
942 _cKNG
_n0
944 _aCR
_c30.06.2004
_kГеновева_Генчева
944 _aED
_c07.01.2005
_k
999 _c108511
_d108511